000 00806nas a2200277 4500
001 BR0200319
003 BR-BrBNA
005 20231205102727.0
007 ta
008 230509b bl.|||p| |||| 00| 00por d
040 _aBR-BrBNA
_bpor
_cBiblioteca Nacional de Agricultura
041 _a(En)
072 _aL02
100 1 _aDi Marco, O.N.
100 1 _aAello, M.S.
245 1 _aEnergy expenditure due to forage intake and walking of grazing cattle
650 _aBOVINO
650 _aENERGIA
650 _aFORRAGEM
650 _aPASTEJO
650 _aCURRAL
650 _aNOVILHO
773 0 _tArquivo Brasileiro de Medicina Veterinária e Zootecnia (Brazil)
_xISSN 0102-0935
_g(Feb 2001), v. 53(1) p. 105-110
_wBR0200319
909 _a202311
_bLúcia
_c55
_dLúcia Elande
942 _2AGRIS
_n0
_cANA
999 _c169013
_d169013